00497nam a22001577a 450000500170000000800410001702000170005804100130007508200140008810000300010224500780013225000190021026000560022930000300028565000240031520231121101716.0231121b |||||||| |||| 00| 0 eng d a040905044 X  aEnglish  a342.8 RAU aRautenbach, IM lEnglish  aGeneral provisions of the South African bill of rights / cIM Rautenbach  aFirst Edition  aDurban : bButterworth Publishers (Pty) Ltd, c1994 bix, 180 pages ; c25 cm.  aLegal practicebLaw